000 01222nac a22004450a 4500
001 PT51747
003 AR-LpoUNG
005 20210201005510.0
008 201001s1976||||sp |||||||||||||||||spa d
020 _a8471131943
_c$4
040 _aAR-LpoUNG
_bspa
_eaacr
041 _aspa
044 _asp
082 0 _aR920.02 844v1
100 1 _aGöhring, Martín
245 1 0 _aNapoleón
250 _a1§ ed.
260 _aBilbao :
_bMoretón,
_c1976.
300 _a408 p. :
_bfot.
_a(10
_fVolúmenes)
_3Impreso
490 0 _aGrandes Biografías
505 0 _aContenido: Napoleón / Göhring, Martín - Leonardo de Vinci / Clark, Kenneth - Richelieu / Andreas, Willy
650 4 _aANALISIS HISTORICO
650 4 _aARTE
650 4 _aARTES PLASTICAS
650 4 _aASPECTOS POLITICOS
650 4 _aASPECTOS SOCIALES
650 4 _aBELLAS ARTES
650 4 _aBIOGRAFIAS
650 4 _aEUROPA
650 4 _aFRANCIA
650 4 _aMATERIAL DE REFERENCIA
653 _aLEONARDO, DA VINCI
700 1 _aAlbizu, J.L.
_etr.
700 1 _aAndreas, Willy
700 1 _aClark, Kenneth
700 1 _aPetralanda, José María
_etr.
700 1 _aPozo, Carlos del
_etr.
905 _a51747
942 _cLSALA
999 _c49883
_d49883